|
|
|
|
| LEADER |
00000nta a2200000 i 4500 |
| 001 |
dolg37833 |
| 005 |
20211019094731.0 |
| 008 |
211019s2014 hu om 000 hun d |
| 040 |
|
|
|a BGE Dolgozattár Repozitórium
|b hun
|
| 041 |
|
|
|a hu
|
| 100 |
1 |
|
|a Mózes Pálma
|
| 245 |
1 |
2 |
|a A német működőtőke-befektetések alakulása Magyarországon a rendszerváltozástól napjainkig
|c Mózes Pálma
|h [elektronikus dokumentum]
|
| 260 |
|
|
|c 2014
|
| 695 |
|
|
|a Rendszerváltás
|
| 695 |
|
|
|a Külföldi tőkebefektetés
|
| 700 |
1 |
|
|a Nincs adat Nincs adat
|e ths
|
| 856 |
4 |
0 |
|u http://dolgozattar.uni-bge.hu/37833/1/D_17022_MQXFBK%20-%20M%C3%B3zes%20P%C3%A1lma%20Kata.pdf
|z Dokumentum-elérés
|